000
00350nam a2200157Ia 4500
008
210210b1886 xxu||||| |||| 00| 0 eng d
041
_a
eng
082
_a
516/22
100
_a
GARNETT (W)
245
_a
Elementary dynamics
260
_a
Cambridge
_b
-
_c
1886
650
_a
Elementary
650
_a
dynamics
690
_a
statics
906
_a
007739
999
_c
140357
_d
140357